La Semana Santa en México : con la muerte en la cruz /
Texto que abre con una reflexión sobre el lugar que ocupa la fiesta -en particular la de origen religioso- en la vida de México y sus antecedentes tanto en las culturas prehispánicas como en la española. Luego se centra en describir la evolución de las fiestas de cuaresma, del siglo XVI a nuestros d...
Spremljeno u:
| Glavni autor: | |
|---|---|
| Daljnji autori: | , |
| Format: | Knjiga |
| Jezik: | španjolski |
| Izdano: |
México :
CONACULTA, Dirección General de Culturas Populares e Indígenas,
2001, c2001
|
| Serija: | (Fiestas Populares de México)
|
| Teme: | |
| Oznake: |
Bez oznaka, Budi prvi tko označuje ovaj zapis!
|
MARC
| LEADER | 00000nam^a2200000^a^4500 | ||
|---|---|---|---|
| 001 | 000151127 | ||
| 005 | 20250521000000.0 | ||
| 009 | 20260310100200.549 | ||
| 020 | |a 970-18-7638-5 | ||
| 037 | |a Acervo ITESO - Biblioteca | ||
| 041 | |a ESP | ||
| 082 | |a 306. 40972 |b FIE V. 7 | ||
| 100 | |a Iglesias y Cabrera, Sonia C. |e (autor) | ||
| 245 | 1 | 3 | |a La Semana Santa en México : |b con la muerte en la cruz / |c S.C. Iglesias y Cabrera, L. Salazar Cárdenas, J.C. Martínez Gómez. |
| 264 | 4 | |a México : |b CONACULTA, Dirección General de Culturas Populares e Indígenas, |c 2001, c2001 | |
| 300 | |a 280 p. | ||
| 336 | |a texto |b txt |2 rdacontenido | ||
| 337 | |a sin mediación |b n |2 rdamedio | ||
| 338 | |a volumen |b nc |2 rdasoporte | ||
| 440 | 1 | |a (Fiestas Populares de México) | |
| 520 | |a Texto que abre con una reflexión sobre el lugar que ocupa la fiesta -en particular la de origen religioso- en la vida de México y sus antecedentes tanto en las culturas prehispánicas como en la española. Luego se centra en describir la evolución de las fiestas de cuaresma, del siglo XVI a nuestros días, y hablar en detalle de cada una de sus etapas, es decir el carnaval y el miércoles de ceniza, la cuaresma y la semana santa. | ||
| 649 | |a XX | ||
| 650 | |a Semana Santa - |z México - |x Aspectos Sociales y Culturales | ||
| 650 | |a Semana Santa - |z México - |x Historia | ||
| 650 | |a Cuaresma - |z México - |x Aspectos Sociales y Culturales | ||
| 650 | |a Cuaresma - |z México - |x Historia | ||
| 650 | |a Pascua - |z México - |x Aspectos Sociales y Culturales | ||
| 650 | |a Pascua - |z México - |x Historia | ||
| 650 | |a Carnavales - |z México | ||
| 650 | |a Días Festivos - |z México | ||
| 650 | |a Fiestas Religiosas - |z México | ||
| 650 | |a Evangelización - |z México | ||
| 650 | |a Mestizaje - |z México | ||
| 650 | |a Sincretismo - |z México | ||
| 650 | |a Gastronomía - |z México | ||
| 650 | |a Prácticas Culturales - |z México | ||
| 650 | |a Cultura Popular - |z México | ||
| 650 | |a Liturgia - |z México | ||
| 650 | |a Iglesia Católica en México | ||
| 650 | |a Catolicismo - |z México | ||
| 650 | |a Cristianismo - |z México | ||
| 650 | |a Religión - |z México | ||
| 650 | |a Sociología de la Religión | ||
| 650 | |a Sociología de la Cultura | ||
| 650 | |a Antropología Cultural | ||
| 650 | |a México - |x Condiciones Sociales y Culturales | ||
| 700 | |a Salazar Cárdenas, Leticia |e (autor) | ||
| 700 | |a Martínez Gómez, Julio César |e (autor) | ||
| 910 | |a Fondo General | ||
| 920 | |a Impresos - Libros | ||
| 930 | |a Colección General | ||
| 905 | |a 101 | ||
| 901 | |a 0500080680 |b IT1 |c ACC |u 20250521 | ||
| 902 | |a https://opac.biblio.iteso.mx/vufind/Record/000151127 | ||